000 00519nam a2200193Ia 4500
008 131103s9999 xx 000 0 und d
020 _a0 7069 9884 7
_cRs.20.00
040 _aLoreto College
041 _aEnglish
082 _aCHBK
_b#NAME?
100 _aSharma, Shobha
245 4 _aThe jungle adventure
_cShobha Sharma
260 _aNew Delhi
_bMadhuban
_c1995
300 _a88p.
_b ill.
_c 20cm.
440 _aMadhuban supplementary readers
650 _aCHBK - 1
850 _aLCBED/CHBK - 1/SHA
942 _cBK
999 _c31103
_d81582